| 000 -LEADER |
| fixed length control field |
01907cam a2200397 i 4500 |
| 001 - CONTROL NUMBER |
| control field |
18057155 |
| 003 - CONTROL NUMBER IDENTIFIER |
| control field |
NUST |
| 005 - DATE AND TIME OF LATEST TRANSACTION |
| control field |
20190108052122.0 |
| 008 - FIXED-LENGTH DATA ELEMENTS--GENERAL INFORMATION |
| fixed length control field |
140228s2015 enk b 001 0 eng c |
| 010 ## - LIBRARY OF CONGRESS CONTROL NUMBER |
| LC control number |
2014002646 |
| 020 ## - INTERNATIONAL STANDARD BOOK NUMBER |
| International Standard Book Number |
9781138778795 (pback) |
| 038 ## - RECORD CONTENT LICENSOR |
| Staff Name |
Muhammad Ibrahim |
| 040 ## - CATALOGING SOURCE |
| Original cataloging agency |
ICU/DLC |
| Language of cataloging |
eng |
| Transcribing agency |
ICU |
| Description conventions |
rda |
| Modifying agency |
DLC |
| 042 ## - AUTHENTICATION CODE |
| Authentication code |
pcc |
| 043 ## - GEOGRAPHIC AREA CODE |
| Geographic area code |
a-pk--- |
| -- |
az----- |
| 050 00 - LIBRARY OF CONGRESS CALL NUMBER |
| Classification number |
U264.5.P18 |
| Item number |
K436 2015 |
| 082 00 - DEWEY DECIMAL CLASSIFICATION NUMBER |
| Classification number |
355.02/17095491 |
| Edition number |
23 |
| 100 1# - MAIN ENTRY--PERSONAL NAME |
| Personal name |
Khan, Zafar, |
| Dates associated with a name |
1977- |
| Relator term |
author. |
| 9 (RLIN) |
12987 |
| 245 10 - TITLE STATEMENT |
| Title |
Pakistan's nuclear policy : |
| Remainder of title |
a minimum credible deterrence / |
| Statement of responsibility, etc. |
Zafar Khan. |
| 264 #1 - PRODUCTION, PUBLICATION, DISTRIBUTION, MANUFACTURE, AND COPYRIGHT NOTICE |
| Place of production, publication, distribution, manufacture |
London ; |
| -- |
New York : |
| Name of producer, publisher, distributor, manufacturer |
Routledge/Taylor & Francis Group, |
| Date of production, publication, distribution, manufacture, or copyright notice |
2015. |
| 300 ## - PHYSICAL DESCRIPTION |
| Extent |
xix, 178 pages ; |
| Dimensions |
24 cm. |
| 336 ## - CONTENT TYPE |
| Content type term |
text |
| Source |
rdacontent |
| 337 ## - MEDIA TYPE |
| Media type term |
unmediated |
| Source |
rdamedia |
| 338 ## - CARRIER TYPE |
| Carrier type term |
volume |
| Source |
rdacarrier |
| 490 1# - SERIES STATEMENT |
| Series statement |
Routledge contemporary South Asia series ; |
| Volume/sequential designation |
84 |
| 504 ## - BIBLIOGRAPHY, ETC. NOTE |
| Bibliography, etc. note |
Includes bibliographical references (pages 144-172) and index. |
| 505 0# - FORMATTED CONTENTS NOTE |
| Formatted contents note |
Introduction: the making of Pakistan's post-1998 nuclear policy -- Historical analysis of Pakistan's nuclear development program -- Pakistan's rationale of minimum deterrence: why the minimum? -- Pakistan's policy of minimum credible deterrence: why minimum is not the minimum -- Pakistan's nuclear force building -- Pakistan's doctrine of nuclear first use -- Pakistan's policy of arms control and disarmament: a call for arms control regime in South Asia -- Conclusion: a call for an actual minimum. |
| 650 #0 - SUBJECT ADDED ENTRY--TOPICAL TERM |
| Topical term or geographic name entry element |
Nuclear weapons |
| Geographic subdivision |
Pakistan. |
| 9 (RLIN) |
12988 |
| 650 #0 - SUBJECT ADDED ENTRY--TOPICAL TERM |
| Topical term or geographic name entry element |
Nuclear weapons |
| General subdivision |
Government policy |
| Geographic subdivision |
Pakistan. |
| 9 (RLIN) |
12989 |
| 650 #0 - SUBJECT ADDED ENTRY--TOPICAL TERM |
| Topical term or geographic name entry element |
Deterrence (Strategy) |
| 9 (RLIN) |
12990 |
| 650 #0 - SUBJECT ADDED ENTRY--TOPICAL TERM |
| Topical term or geographic name entry element |
Nuclear arms control |
| Geographic subdivision |
South Asia. |
| 9 (RLIN) |
12991 |
| 830 #0 - SERIES ADDED ENTRY--UNIFORM TITLE |
| Uniform title |
Routledge contemporary South Asia series ; |
| Volume/sequential designation |
84. |
| 9 (RLIN) |
12992 |
| 906 ## - LOCAL DATA ELEMENT F, LDF (RLIN) |
| a |
7 |
| b |
cbc |
| c |
orignew |
| d |
1 |
| e |
ecip |
| f |
20 |
| g |
y-gencatlg |
| 942 ## - ADDED ENTRY ELEMENTS (KOHA) |
| Source of classification or shelving scheme |
|
| Koha item type |
Book |